[Event "Quebec op"]
[Site "Montreal CAN"]
[Date "1997.07.26"]
[Round "1"]
[White "Leutschaft, Martin"]
[Black "Guevremont, Grant"]
[Result "1-0"]
[WhiteElo "2044"]
[BlackElo "1940"]
[PlyCount "87"]
[GameId "2160767911932289"]
[EventDate "1997.07.26"]
[EventType "swiss"]
[EventRounds "9"]
[EventCountry "CAN"]
[SourceTitle "EXT 97"]
[Source "ChessBase"]
[SourceDate "1997.11.17"]
[SourceVersion "1"]
[SourceVersionDate "1997.11.17"]
[SourceQuality "1"]

1. Nf3 d5 2. g3 Nf6 3. Bg2 c5 4. c4 e6 5. O-O Nc6 6. d4 Be7 7. Nc3 O-O 8. cxd5 exd5 9. dxc5 Bxc5 10. Bg5 Be6 11. Qa4 h6 12. Bxf6 Qxf6 13. Qb5 Bb6 14. Na4 Nd4 15. Nxd4 Bxd4 16. e3 a6 17. Qb4 Be5 18. f4 Bb8 19. Nb6 Ba7 20. f5 Bxb6 21. Qxb6 Bd7 22. Qxf6 gxf6 23. Bxd5 Rab8 24. Rac1 Rfc8 25. e4 b5 26. b4 Kf8 27. Kf2 Ke7 28. Ke3 h5 29. Kd4 Kd6 30. Bxf7 Bc6 31. Bd5 Bxd5 32. exd5 Kd7 33. Rc5 Re8 34. Rfc1 Re2 35. R1c2 Re1 36. Rc7+ Kd8 37. Rh7 Rd1+ 38. Ke3 Rb6 39. Rc6 Rxc6 40. dxc6 Ra1 41. Kd4 Rxa2 42. Kc5 Rxh2 43. Kb6 Rc2 44. Kb7 1-0

[Event "Quebec op"]
[Site "Montreal CAN"]
[Date "1997.07.26"]
[Round "1"]
[White "Leveille, Francois"]
[Black "Gofshtein, Leonid"]
[Result "0-1"]
[WhiteElo "2326"]
[BlackElo "2545"]
[PlyCount "66"]
[GameId "2160767911932290"]
[EventDate "1997.07.26"]
[EventType "swiss"]
[EventRounds "9"]
[EventCountry "CAN"]
[SourceTitle "EXT 97"]
[Source "ChessBase"]
[SourceDate "1997.11.17"]
[SourceVersion "1"]
[SourceVersionDate "1997.11.17"]
[SourceQuality "1"]

1. Nf3 c5 2. c4 b6 3. Nc3 Bb7 4. e4 e6 5. d4 cxd4 6. Nxd4 Nc6 7. Nxc6 Bxc6 8. Bd3 Qb8 9. O-O Bc5 10. Kh1 h5 11. f4 h4 12. Qf3 Nf6 13. Be3 h3 14. gxh3 Qb7 15. Kg1 O-O-O 16. Bxc5 bxc5 17. Rf2 Rh4 18. Qe3 Rdh8 19. Bf1 Nxe4 20. Nxe4 Bxe4 21. Re1 Bc6 22. Qxc5 Qc7 23. b4 d6 24. Qe3 R8h6 25. Qc3 Rg6+ 26. Bg2 Bxg2 27. Rxg2 Rxg2+ 28. Kxg2 Rxf4 29. c5 Qb7+ 30. Kg3 Qxb4 31. Qxb4 Rxb4 32. cxd6 Kd7 33. Re5 Ra4 0-1

[Event "Quebec op"]
[Site "Montreal CAN"]
[Date "1997.07.26"]
[Round "1"]
[White "Luksza, Arkadiusz"]
[Black "Fillion, Steve"]
[Result "1/2-1/2"]
[WhiteElo "2106"]
[BlackElo "2127"]
[PlyCount "120"]
[GameId "2160767911932292"]
[EventDate "1997.07.26"]
[EventType "swiss"]
[EventRounds "9"]
[EventCountry "CAN"]
[SourceTitle "EXT 97"]
[Source "ChessBase"]
[SourceDate "1997.11.17"]
[SourceVersion "1"]
[SourceVersionDate "1997.11.17"]
[SourceQuality "1"]

1. d4 d5 2. g3 Nf6 3. Bg2 e6 4. Nf3 c5 5. c4 Nc6 6. cxd5 Nxd5 7. O-O Be7 8. a3 O-O 9. dxc5 Bxc5 10. Qc2 Be7 11. Rd1 Bd7 12. e4 Nb6 13. Nc3 Rc8 14. Bf4 f6 15. Bh3 Qe8 16. Qb3 Nd8 17. Nd4 Nc4 18. Ndb5 Bxb5 19. Nxb5 Rc5 20. Rxd8 Bxd8 21. Nd6 Nxd6 22. Bxd6 Bb6 23. Bxe6+ Kh8 24. Bxc5 Bxc5 25. Rd1 Qb8 26. Rd7 b6 27. Qd5 a5 28. Bf5 Qe5 29. Qxe5 fxe5 30. Rd2 Bd4 31. Rc2 Rd8 32. Kg2 Bc5 33. Be6 g6 34. Bd5 Kg7 35. h3 Kf6 36. Rc4 Rd7 37. b4 axb4 38. axb4 Bd4 39. Rc6+ Kg7 40. Kf1 Ra7 41. Kg2 g5 42. h4 gxh4 43. gxh4 Re7 44. h5 h6 45. Rg6+ Kh7 46. Bg8+ Kh8 47. Be6 Rg7 48. b5 Rxg6+ 49. hxg6 Kg7 50. Bf5 Kf6 51. f3 Be3 52. Kf1 Bf4 53. Ke2 Bg5 54. Kd3 Bf4 55. Kc4 Bg3 56. Kd5 Bf4 57. Kd6 h5 58. Kc6 Be3 59. Kd5 Bf4 60. Kd6 h4 1/2-1/2

[Event "Quebec op"]
[Site "Montreal CAN"]
[Date "1997.07.26"]
[Round "1"]
[White "McDonough, Jonathan"]
[Black "Abreu Cordero, Jose"]
[Result "0-1"]
[WhiteElo "1898"]
[BlackElo "2007"]
[PlyCount "104"]
[GameId "2160767911932293"]
[EventDate "1997.07.26"]
[EventType "swiss"]
[EventRounds "9"]
[EventCountry "CAN"]
[SourceTitle "EXT 97"]
[Source "ChessBase"]
[SourceDate "1997.11.17"]
[SourceVersion "1"]
[SourceVersionDate "1997.11.17"]
[SourceQuality "1"]

1. d4 Nf6 2. c4 e6 3. g3 d5 4. Bg2 c6 5. Nf3 Nbd7 6. Nbd2 Bb4 7. O-O O-O 8. a3 Bd6 9. Qc2 e5 10. cxd5 cxd5 11. dxe5 Nxe5 12. Nxe5 Bxe5 13. Nf3 Bd6 14. Be3 Be6 15. Rfd1 Qa5 16. b4 Qa6 17. Qb2 b5 18. Bd4 Be7 19. Ne5 Rac8 20. Rac1 Rfd8 21. Nd3 Rc4 22. Nc5 Bxc5 23. Bxc5 Rd7 24. e3 Rxc1 25. Rxc1 Rd8 26. Bd4 Ne8 27. Rc5 Qb7 28. Bf1 a6 29. a4 bxa4 30. Ra5 Rd6 31. Rxa4 f6 32. Bd3 Nc7 33. Bc5 Rc6 34. Qe2 Qc8 35. Qh5 Bf7 36. Qe2 Qe6 37. Ra5 h5 38. Qf3 Qg4 39. Qxg4 hxg4 40. Bf5 Be6 41. Bg6 f5 42. h4 gxh3 43. Bh5 g5 44. Bd1 Bc8 45. Ba4 Re6 46. Bd4 Kf7 47. Rc5 Re7 48. Bb2 Nb5 49. Rxd5 Bb7 50. Rc5 Ke6 51. Bb3+ Kd7 52. Bf6 h2+ 0-1

[Event "Quebec op"]
[Site "Montreal CAN"]
[Date "1997.07.26"]
[Round "1"]
[White "Reeve, Jeff"]
[Black "Linskiy, Oleg"]
[Result "0-1"]
[WhiteElo "2180"]
[BlackElo "2389"]
[PlyCount "102"]
[GameId "2160767911932295"]
[EventDate "1997.07.26"]
[EventType "swiss"]
[EventRounds "9"]
[EventCountry "CAN"]
[SourceTitle "EXT 97"]
[Source "ChessBase"]
[SourceDate "1997.11.17"]
[SourceVersion "1"]
[SourceVersionDate "1997.11.17"]
[SourceQuality "1"]

1. e4 e5 2. Nf3 d6 3. d4 Nf6 4. Nc3 Nbd7 5. Bc4 Be7 6. O-O O-O 7. dxe5 dxe5 8. Bg5 c6 9. a4 Qc7 10. Nh4 Nb6 11. Bb3 Bg4 12. f3 Be6 13. Bxe6 fxe6 14. Qe1 Rad8 15. g3 Bb4 16. Qe2 Rd4 17. Kh1 a5 18. Be3 Rdd8 19. Na2 Be7 20. b3 Nfd7 21. Ng2 Nc5 22. Rad1 Ra8 23. Bg1 Nbd7 24. Nc3 b6 25. Rd2 Rf7 26. Rfd1 Raf8 27. Ne1 Qb7 28. Be3 h6 29. Kg2 Kh7 30. Bg1 Nb8 31. Be3 Nba6 32. Qc4 Rb8 33. Qe2 b5 34. Nd3 b4 35. Nxc5 Nxc5 36. Na2 Bf8 37. Bxc5 Bxc5 38. Nc1 Re7 39. Qc4 Bd4 40. Ne2 c5 41. Nxd4 cxd4 42. Qe2 Qc6 43. Rf1 Rc8 44. Rf2 Qd6 45. Qd1 Rc5 46. Kg1 Qc6 47. Kg2 Rc7 48. Qf1 Rc3 49. Kg1 Re3 50. Rfe2 Rc8 51. Rf2 Qb6 0-1

[Event "Quebec op"]
[Site "Montreal CAN"]
[Date "1997.07.26"]
[Round "1"]
[White "Roy, Alain"]
[Black "Castaneda, Nelson"]
[Result "0-1"]
[WhiteElo "2162"]
[BlackElo "2310"]
[PlyCount "119"]
[GameId "2160767911932296"]
[EventDate "1997.07.26"]
[EventType "swiss"]
[EventRounds "9"]
[EventCountry "CAN"]
[SourceTitle "EXT 97"]
[Source "ChessBase"]
[SourceDate "1997.11.17"]
[SourceVersion "1"]
[SourceVersionDate "1997.11.17"]
[SourceQuality "1"]

1. e4 c5 2. Nc3 Nc6 3. g3 g6 4. Bg2 Bg7 5. d3 Nf6 6. Nh3 d6 7. O-O O-O 8. Nf4 Rb8 9. a4 a6 10. Ncd5 Nd7 11. h4 Nde5 12. Ne3 e6 13. Nh3 f5 14. f4 Nd7 15. Nc4 Nb6 16. Kh2 h6 17. h5 Nxc4 18. dxc4 gxh5 19. Qxh5 Qe8 20. Qd1 Qe7 21. Ra3 e5 22. exf5 Bxf5 23. Bd5+ Kh8 24. g4 Bh7 25. f5 Nd4 26. Rg3 e4 27. Nf4 Nf3+ 28. Rfxf3 exf3 29. Qxf3 Qe1 30. Nd3 Qe7 31. Rh3 Rf6 32. Bd2 Re8 33. Nf4 b6 34. Bc3 a5 35. Be6 Qf8 36. Qd5 Qe7 37. Nh5 Ref8 38. Nxf6 Bxf6 39. Rxh6 Bxc3 40. bxc3 Qg5 41. Rh3 Qxg4 42. Qxd6 Qe2+ 43. Kg3 Qe3+ 44. Kg4 Qe4+ 45. Qf4 Qg2+ 46. Rg3 Qe2+ 47. Kh4 Qxe6 48. Qg5 Qf6 49. Rf3 Qxg5+ 50. Kxg5 Kg7 51. Rf2 Rf6 52. Rf3 Kf7 53. Rf2 Rd6 54. Rh2 Bg8 55. Kf4 Kf6 56. Rh6+ Ke7 57. Rh4 Bxc4 58. Kg5 Bd5 59. Kf4 Bf7 60. Rh3 0-1

[Event "Quebec op"]
[Site "Montreal CAN"]
[Date "1997.07.26"]
[Round "1"]
[White "Schleifer, Michael"]
[Black "Wenaas, Eric"]
[Result "1-0"]
[WhiteElo "2327"]
[BlackElo "2133"]
[PlyCount "76"]
[GameId "2160767911932297"]
[EventDate "1997.07.26"]
[EventType "swiss"]
[EventRounds "9"]
[EventCountry "CAN"]
[SourceTitle "EXT 97"]
[Source "ChessBase"]
[SourceDate "1997.11.17"]
[SourceVersion "1"]
[SourceVersionDate "1997.11.17"]
[SourceQuality "1"]

1. d4 d5 2. Nf3 Nf6 3. c4 e6 4. Nc3 Be7 5. Bg5 O-O 6. e3 Nbd7 7. cxd5 exd5 8. Bd3 c6 9. O-O Re8 10. Qc2 Nf8 11. a3 a5 12. Rab1 Ng6 13. b4 axb4 14. axb4 Ne4 15. Bxe7 Qxe7 16. Bxe4 dxe4 17. Nd2 Bf5 18. Ne2 Qe6 19. Ng3 Ra2 20. Rb2 Rxb2 21. Qxb2 Nh4 22. Qb3 Qg6 23. Nc4 Be6 24. Qc2 Bxc4 25. Qxc4 Nf5 26. Nxf5 Qxf5 27. Ra1 h6 28. Ra7 Re7 29. h3 Qd5 30. Qxd5 cxd5 31. Ra8+ Kh7 32. Rd8 Rc7 33. Rxd5 Kg6 34. g4 f6 35. Kg2 Kf7 36. Kg3 Ke6 37. Rb5 g5 38. Rc5 Rd7 1-0

[Event "Quebec op"]
[Site "Montreal CAN"]
[Date "1997.07.27"]
[Round "2"]
[White "Abreu Cordero, Jose"]
[Black "Reeve, Jeff"]
[Result "0-1"]
[WhiteElo "2007"]
[BlackElo "2180"]
[PlyCount "82"]
[GameId "2160767911932299"]
[EventDate "1997.07.26"]
[EventType "swiss"]
[EventRounds "9"]
[EventCountry "CAN"]
[SourceTitle "EXT 97"]
[Source "ChessBase"]
[SourceDate "1997.11.17"]
[SourceVersion "1"]
[SourceVersionDate "1997.11.17"]
[SourceQuality "1"]

1. e4 c5 2. Nf3 Nc6 3. d4 cxd4 4. Nxd4 Nf6 5. Nc3 e5 6. Nb3 Bb4 7. Bg5 h6 8. Bxf6 Bxc3+ 9. bxc3 Qxf6 10. Bc4 O-O 11. O-O Ne7 12. Re1 d6 13. Bd5 Rb8 14. c4 b6 15. Re3 Nxd5 16. cxd5 Qe7 17. Qd2 Bd7 18. Rae1 Rbc8 19. c3 Rc7 20. Nc1 Bb5 21. g3 Rfc8 22. Qb2 Bc4 23. Nb3 Qd7 24. Nd2 Rc5 25. Nxc4 Rxc4 26. f3 Qc7 27. Rc1 Qc5 28. Kf2 b5 29. Ke2 a5 30. a3 Ra4 31. Ra1 Qc4+ 32. Kd2 b4 33. cxb4 axb4 34. Rc1 Qa6 35. Rxc8+ Qxc8 36. Rb3 Qa6 37. Rxb4 Rxa3 38. Rb6 Qd3+ 39. Ke1 Qe3+ 40. Kf1 Qxf3+ 41. Kg1 Rd3 0-1

[Event "Quebec op"]
[Site "Montreal CAN"]
[Date "1997.07.27"]
[Round "2"]
[White "Bergeron, Florian"]
[Black "Courval, Francois"]
[Result "1-0"]
[WhiteElo "2095"]
[BlackElo "1960"]
[PlyCount "75"]
[GameId "2160767911932300"]
[EventDate "1997.07.26"]
[EventType "swiss"]
[EventRounds "9"]
[EventCountry "CAN"]
[SourceTitle "EXT 97"]
[Source "ChessBase"]
[SourceDate "1997.11.17"]
[SourceVersion "1"]
[SourceVersionDate "1997.11.17"]
[SourceQuality "1"]

1. d4 Nf6 2. Nf3 d5 3. c4 e6 4. cxd5 exd5 5. Nc3 Be7 6. Bf4 O-O 7. e3 c6 8. Bd3 Re8 9. O-O Nbd7 10. Qc2 Nf8 11. h3 Ng6 12. Bg5 Ne4 13. Bxe7 Qxe7 14. Rfe1 Nh4 15. Nxh4 Qxh4 16. f3 Ng5 17. Qf2 Qh6 18. h4 Ne6 19. g4 Nf8 20. g5 Qd6 21. e4 dxe4 22. Nxe4 Qd8 23. Rad1 Be6 24. Nc5 Qc7 25. Bb1 Bd5 26. Ne4 Qf4 27. Kg2 f6 28. gxf6 gxf6 29. Qg3+ Qxg3+ 30. Kxg3 Re6 31. Nc5 Rxe1 32. Rxe1 b6 33. Ne4 Bxe4 34. Bxe4 Rd8 35. Bxc6 Rxd4 36. Re7 Rxh4 37. Bd5+ Kh8 38. Re8 1-0

[Event "Quebec op"]
[Site "Montreal CAN"]
[Date "1997.07.27"]
[Round "2"]
[White "Burnett, Ronald"]
[Black "Delisle, Claude"]
[Result "1-0"]
[WhiteElo "2445"]
[BlackElo "1926"]
[PlyCount "63"]
[GameId "2160767911932301"]
[EventDate "1997.07.26"]
[EventType "swiss"]
[EventRounds "9"]
[EventCountry "CAN"]
[SourceTitle "EXT 97"]
[Source "ChessBase"]
[SourceDate "1997.11.17"]
[SourceVersion "1"]
[SourceVersionDate "1997.11.17"]
[SourceQuality "1"]

1. e4 e6 2. d4 d5 3. Nc3 Nf6 4. e5 Nfd7 5. f4 c5 6. Nf3 Nc6 7. Be3 a6 8. Qd2 b5 9. g3 Qb6 10. Bg2 Bb7 11. O-O cxd4 12. Nxd4 Bc5 13. Nce2 O-O 14. Bf2 b4 15. Nxc6 Bxc6 16. Nd4 Bb7 17. Rfe1 Bxd4 18. Bxd4 Qc6 19. Qxb4 Rab8 20. Qd2 Rfc8 21. Re2 Nc5 22. c4 Ne4 23. cxd5 exd5 24. Qe3 Ba8 25. f5 Rb4 26. b3 a5 27. f6 Qe8 28. Rf1 Qf8 29. e6 fxe6 30. fxg7 Qd6 31. Bxe4 dxe4 32. Rf8+ 1-0

[Event "Quebec op"]
[Site "Montreal CAN"]
[Date "1997.07.27"]
[Round "2"]
[White "Clement, Michel"]
[Black "Drolet, Stephane"]
[Result "1/2-1/2"]
[WhiteElo "1997"]
[BlackElo "1903"]
[PlyCount "115"]
[GameId "2160767911932304"]
[EventDate "1997.07.26"]
[EventType "swiss"]
[EventRounds "9"]
[EventCountry "CAN"]
[SourceTitle "EXT 97"]
[Source "ChessBase"]
[SourceDate "1997.11.17"]
[SourceVersion "1"]
[SourceVersionDate "1997.11.17"]
[SourceQuality "1"]

1. e4 e6 2. d4 d5 3. Nc3 Nf6 4. e5 Nfd7 5. f4 c5 6. Nf3 Nc6 7. Be2 cxd4 8. Nb5 Nc5 9. Nbxd4 g6 10. c3 Bg7 11. Be3 Nd7 12. O-O O-O 13. Qd2 Nb6 14. Nxc6 bxc6 15. Bc5 Re8 16. a4 Nd7 17. Bd6 Bf8 18. Bxf8 Rxf8 19. b4 Qb6+ 20. Kh1 Ba6 21. Bxa6 Qxa6 22. f5 exf5 23. Qh6 Rfe8 24. Rfe1 Re7 25. a5 Rae8 26. Qf4 Qc4 27. Qxc4 dxc4 28. Rad1 Nxe5 29. Rd6 Nxf3 30. Rxe7 Rxe7 31. gxf3 Re6 32. Rd4 Kf8 33. Rxc4 Ke8 34. Kg2 Kd7 35. Kf2 Kc7 36. Kf1 Re5 37. Kf2 Kd6 38. Kf1 f6 39. Kf2 g5 40. Kf1 f4 41. Kf2 f5 42. Kf1 a6 43. Kf2 h6 44. Kf1 c5 45. bxc5+ Rxc5 46. Rb4 Rxc3 47. Rb6+ Rc6 48. Rb2 Kd5 49. Kg2 Kd4 50. Rb6 Kc5 51. Rb2 Rd6 52. Rb8 Rc6 53. Rb2 Kd5 54. Rb8 Rc2+ 55. Kh3 h5 56. Rd8+ Ke6 57. Rd6+ Kf7 58. Rd7+ 1/2-1/2

[Event "Quebec op"]
[Site "Montreal CAN"]
[Date "1997.07.27"]
[Round "2"]
[White "Desjardins, Andre"]
[Black "Oparic, Ivan"]
[Result "1/2-1/2"]
[WhiteElo "2055"]
[BlackElo "2038"]
[PlyCount "49"]
[GameId "2160767911932305"]
[EventDate "1997.07.26"]
[EventType "swiss"]
[EventRounds "9"]
[EventCountry "CAN"]
[SourceTitle "EXT 97"]
[Source "ChessBase"]
[SourceDate "1997.11.17"]
[SourceVersion "1"]
[SourceVersionDate "1997.11.17"]
[SourceQuality "1"]

1. e4 Nf6 2. e5 Nd5 3. d4 d6 4. c4 Nb6 5. f4 dxe5 6. fxe5 Nc6 7. Be3 Bf5 8. Nc3 e6 9. Nf3 Bg4 10. Qd2 Qd7 11. Be2 O-O-O 12. Rd1 Be7 13. O-O f6 14. exf6 gxf6 15. Ne4 Rhg8 16. Kh1 f5 17. Nc5 Bxc5 18. dxc5 Qg7 19. Qc2 Rxd1 20. Rxd1 Nd7 21. a3 e5 22. g3 f4 23. Bf2 fxg3 24. Bxg3 Nxc5 25. b4 1/2-1/2

[Event "Quebec op"]
[Site "Montreal CAN"]
[Date "1997.07.27"]
[Round "2"]
[White "Fillion, Steve"]
[Black "Hua, Lefong"]
[Result "0-1"]
[WhiteElo "2127"]
[BlackElo "2211"]
[PlyCount "70"]
[GameId "2160767911932307"]
[EventDate "1997.07.26"]
[EventType "swiss"]
[EventRounds "9"]
[EventCountry "CAN"]
[SourceTitle "EXT 97"]
[Source "ChessBase"]
[SourceDate "1997.11.17"]
[SourceVersion "1"]
[SourceVersionDate "1997.11.17"]
[SourceQuality "1"]

1. e4 c5 2. Nc3 Nc6 3. g3 g6 4. Bg2 Bg7 5. d3 d6 6. f4 e6 7. Nf3 Nge7 8. O-O O-O 9. Be3 Nd4 10. Qd2 Rb8 11. Nd1 b5 12. Nh4 b4 13. c3 bxc3 14. bxc3 Nb5 15. a4 Nc7 16. d4 Na6 17. f5 exf5 18. exf5 Nxf5 19. Nxf5 Bxf5 20. Rxf5 gxf5 21. Bh6 cxd4 22. Bxg7 Kxg7 23. cxd4 Re8 24. Bc6 Re6 25. Bd5 Rg6 26. Bc4 Nc7 27. Kh1 Qf6 28. Nc3 Rg4 29. Ne2 d5 30. Ba2 Qe7 31. Rf1 Qe4+ 32. Kg1 Ne6 33. Rd1 Ng5 34. Qd3 Nh3+ 35. Kf1 Qh1+ 0-1

[Event "Quebec op"]
[Site "Montreal CAN"]
[Date "1997.07.27"]
[Round "2"]
[White "Fontaine, Jacques"]
[Black "Landry, Sylvain"]
[Result "1/2-1/2"]
[WhiteElo "2024"]
[BlackElo "1981"]
[PlyCount "75"]
[GameId "2160767911932308"]
[EventDate "1997.07.26"]
[EventType "swiss"]
[EventRounds "9"]
[EventCountry "CAN"]
[SourceTitle "EXT 97"]
[Source "ChessBase"]
[SourceDate "1997.11.17"]
[SourceVersion "1"]
[SourceVersionDate "1997.11.17"]
[SourceQuality "1"]

1. e4 c5 2. Nf3 d6 3. d4 cxd4 4. Nxd4 Nf6 5. Nc3 a6 6. Be2 e5 7. Nb3 Be7 8. Be3 O-O 9. g4 d5 10. Nxd5 Nbd7 11. Qd3 a5 12. a4 b6 13. O-O-O Nxd5 14. Qxd5 Ra7 15. Bb5 Bg5 16. Qd2 Bxe3 17. Qxe3 Qe7 18. g5 Rc7 19. h4 Qe6 20. Kb1 Bb7 21. f3 Rfc8 22. Rh2 Bc6 23. Qd3 Nf8 24. h5 Rd7 25. Qf1 Bxb5 26. axb5 Rxd1+ 27. Qxd1 Qc4 28. Qd3 Qxd3 29. cxd3 Ne6 30. g6 hxg6 31. hxg6 fxg6 32. Nd2 Nf4 33. Nc4 Nxd3 34. Nxb6 Rb8 35. Nc4 Rxb5 36. Rd2 Nb4 37. Rd8+ Kf7 38. Ra8 1/2-1/2

[Event "Quebec op"]
[Site "Montreal CAN"]
[Date "1997.07.27"]
[Round "2"]
[White "Girard, Robin"]
[Black "Cormos, Eugene"]
[Result "1/2-1/2"]
[WhiteElo "2241"]
[BlackElo "2083"]
[PlyCount "58"]
[GameId "2160767911932309"]
[EventDate "1997.07.26"]
[EventType "swiss"]
[EventRounds "9"]
[EventCountry "CAN"]
[SourceTitle "EXT 97"]
[Source "ChessBase"]
[SourceDate "1997.11.17"]
[SourceVersion "1"]
[SourceVersionDate "1997.11.17"]
[SourceQuality "1"]

1. e4 e5 2. Nf3 Nc6 3. Bb5 a6 4. Bxc6 dxc6 5. O-O Bg4 6. h3 h5 7. d3 Qf6 8. Nbd2 Bd6 9. Re1 Ne7 10. d4 Bxf3 11. Nxf3 O-O-O 12. c3 Rdg8 13. Bg5 Qe6 14. dxe5 Bxe5 15. Bxe7 Qxe7 16. Nxe5 Qxe5 17. Qf3 g5 18. Qxf7 Rf8 19. Qc4 g4 20. Qd4 Qxd4 21. cxd4 gxh3 22. g3 h4 23. Re2 Rhg8 24. Re3 Rg7 25. Rd1 h2+ 26. Kg2 h3+ 27. Kxh2 Rxf2+ 28. Kxh3 Rh7+ 29. Kg4 Rg7+ 1/2-1/2

[Event "Quebec op"]
[Site "Montreal CAN"]
[Date "1997.07.27"]
[Round "2"]
[White "Grondin, Jean-Philippe"]
[Black "Leveille, Francois"]
[Result "1/2-1/2"]
[WhiteElo "2093"]
[BlackElo "2326"]
[PlyCount "77"]
[GameId "2160767911932311"]
[EventDate "1997.07.26"]
[EventType "swiss"]
[EventRounds "9"]
[EventCountry "CAN"]
[SourceTitle "EXT 97"]
[Source "ChessBase"]
[SourceDate "1997.11.17"]
[SourceVersion "1"]
[SourceVersionDate "1997.11.17"]
[SourceQuality "1"]

1. e4 e6 2. d4 d5 3. Nc3 Nf6 4. e5 Nfd7 5. f4 c5 6. dxc5 Nc6 7. a3 Bxc5 8. Qg4 O-O 9. Nf3 d4 10. Ne4 f5 11. exf6 Nxf6 12. Nxf6+ Qxf6 13. Qh5 Bd6 14. Ng5 Qh6 15. Qxh6 gxh6 16. Nh3 Kg7 17. Be2 e5 18. fxe5 Nxe5 19. Bf4 Bxh3 20. Bxe5+ Bxe5 21. gxh3 Rae8 22. Rg1+ Kh8 23. Rg2 d3 24. cxd3 Bxb2 25. Rb1 Bc3+ 26. Kd1 Re7 27. Rb5 b6 28. Rd5 Rg8 29. Rg4 Rxg4 30. hxg4 Kg7 31. Rf5 Re5 32. Rxe5 Bxe5 33. Kd2 Bd4 34. Bd1 Kf7 35. Ke2 Kf6 36. Kf3 h5 37. a4 hxg4+ 38. Kxg4 a5 39. Bb3 1/2-1/2

[Event "Quebec op"]
[Site "Montreal CAN"]
[Date "1997.07.27"]
[Round "2"]
[White "Guevremont, Grant"]
[Black "Gagnon, Michel"]
[Result "1/2-1/2"]
[WhiteElo "1940"]
[BlackElo "2059"]
[PlyCount "96"]
[GameId "2160767911932312"]
[EventDate "1997.07.26"]
[EventType "swiss"]
[EventRounds "9"]
[EventCountry "CAN"]
[SourceTitle "EXT 97"]
[Source "ChessBase"]
[SourceDate "1997.11.17"]
[SourceVersion "1"]
[SourceVersionDate "1997.11.17"]
[SourceQuality "1"]

1. e4 c5 2. Nc3 d6 3. d3 Nc6 4. Nf3 g6 5. g3 Bg7 6. Bg2 Nf6 7. O-O O-O 8. h3 Rb8 9. a4 a6 10. Be3 e5 11. Qd2 Re8 12. Bg5 Be6 13. Nh4 Qc8 14. Kh2 Nd4 15. f4 h6 16. Bxf6 Bxf6 17. fxe5 Bg5 18. Qf2 dxe5 19. Nd5 Qd8 20. Nf3 Nxf3+ 21. Qxf3 Rc8 22. c4 Rf8 23. h4 Be7 24. Bh3 Kg7 25. h5 Rc6 26. hxg6 fxg6 27. Qg2 Bxd5 28. exd5 Rcf6 29. Rxf6 Rxf6 30. Rf1 Bd6 31. Rxf6 Qxf6 32. Qf1 a5 33. Qe2 h5 34. Kg2 Qg5 35. Qf2 h4 36. Be6 Qxg3+ 37. Qxg3 hxg3 38. Kxg3 e4+ 39. Kf2 exd3 40. Ke3 Kf6 41. Kxd3 Ke5 42. Ke3 Bf8 43. Bd7 Bh6+ 44. Kf3 Kd4 45. b3 Kc3 46. Kg4 Kxb3 47. Bb5 Kc3 48. d6 Bf8 1/2-1/2

[Event "Quebec op"]
[Site "Montreal CAN"]
[Date "1997.07.27"]
[Round "2"]
[White "Ibrahim, Anthony"]
[Black "Goldenberg, Danny"]
[Result "0-1"]
[WhiteElo "2063"]
[BlackElo "2272"]
[PlyCount "120"]
[GameId "2160767911932313"]
[EventDate "1997.07.26"]
[EventType "swiss"]
[EventRounds "9"]
[EventCountry "CAN"]
[SourceTitle "EXT 97"]
[Source "ChessBase"]
[SourceDate "1997.11.17"]
[SourceVersion "1"]
[SourceVersionDate "1997.11.17"]
[SourceQuality "1"]

1. e4 c5 2. Nf3 Nc6 3. d4 cxd4 4. Nxd4 e5 5. Nb5 d6 6. c4 Be7 7. N1c3 a6 8. Na3 Be6 9. Bd3 Bg5 10. O-O h6 11. Nd5 Nf6 12. Nc2 Rc8 13. b3 Bxc1 14. Rxc1 O-O 15. f4 exf4 16. Rxf4 Bxd5 17. exd5 Qb6+ 18. Kh1 Ne5 19. Nd4 Nxd5 20. Rh4 Qd8 21. Re4 Nxd3 22. Qxd3 Nb4 23. Qd2 d5 24. Rg4 h5 25. Rxg7+ Kxg7 26. Nf5+ Kg6 27. Qh6+ Kxf5 28. Rf1+ Ke5 29. Re1+ Kf5 30. Qxh5+ Kf6 31. Qh6+ Kf5 32. g4+ Kxg4 33. Rf1 Nd3 34. Qg7+ Qg5 35. Rg1+ Kf3 36. Rxg5 Nf2+ 37. Kg1 Nh3+ 38. Kf1 Nxg5 39. Qxg5 dxc4 40. Qd5+ Ke3 41. bxc4 Rfd8 42. Qe5+ Kd3 43. c5 Kc2 44. Qe4+ Kc1 45. Qc4+ Kd2 46. Kf2 b5 47. Qb4+ Kd3 48. Kf3 Re8 49. Qa3+ Kc4 50. Qxa6 Rxc5 51. a4 Re6 52. Qa8 b4 53. Qb7 b3 54. Qxf7 Rcc6 55. Qf4+ Kc3 56. Qc1+ Kb4 57. Qb2 Rc3+ 58. Kf4 Rc2 59. Qb1 Ree2 60. Qd1 b2 0-1

[Event "Quebec op"]
[Site "Montreal CAN"]
[Date "1997.07.27"]
[Round "2"]
[White "Jodoin, Pierre"]
[Black "Groleau, Gilles"]
[Result "1/2-1/2"]
[WhiteElo "1853"]
[BlackElo "1995"]
[PlyCount "42"]
[GameId "2160767911932314"]
[EventDate "1997.07.26"]
[EventType "swiss"]
[EventRounds "9"]
[EventCountry "CAN"]
[SourceTitle "EXT 97"]
[Source "ChessBase"]
[SourceDate "1997.11.17"]
[SourceVersion "1"]
[SourceVersionDate "1997.11.17"]
[SourceQuality "1"]

1. e4 c5 2. Nf3 e6 3. d4 cxd4 4. Nxd4 Nf6 5. Nc3 d6 6. Be2 Be7 7. O-O a6 8. Kh1 Qc7 9. f4 O-O 10. Be3 Nc6 11. Qe1 b5 12. Nxc6 Qxc6 13. e5 dxe5 14. fxe5 Nd5 15. Bf3 b4 16. Nxd5 exd5 17. Rd1 Be6 18. Rf2 Rac8 19. Rfd2 Rfd8 20. Qf2 Bc5 21. Bxc5 Qxc5 1/2-1/2

[Event "Quebec op"]
[Site "Montreal CAN"]
[Date "1997.07.27"]
[Round "2"]
[White "Linskiy, Oleg"]
[Black "Nogueiras, Jesus"]
[Result "1/2-1/2"]
[WhiteElo "2389"]
[BlackElo "2535"]
[PlyCount "111"]
[GameId "2160767911932315"]
[EventDate "1997.07.26"]
[EventType "swiss"]
[EventRounds "9"]
[EventCountry "CAN"]
[SourceTitle "EXT 97"]
[Source "ChessBase"]
[SourceDate "1997.11.17"]
[SourceVersion "1"]
[SourceVersionDate "1997.11.17"]
[SourceQuality "1"]

1. e4 d6 2. d4 g6 3. Nc3 Bg7 4. Be3 a6 5. a4 Nd7 6. Nf3 b6 7. Bd3 Bb7 8. Qd2 e6 9. O-O Ne7 10. Bh6 O-O 11. Rad1 c5 12. Rfe1 cxd4 13. Bxg7 Kxg7 14. Nxd4 Qc7 15. Bf1 Rfd8 16. Nb3 Nf6 17. Qe3 e5 18. Rd2 Rac8 19. h3 Nc6 20. Red1 Nb4 21. f4 Nh5 22. fxe5 dxe5 23. Qg5 Rxd2 24. Qxd2 Nf6 25. Be2 a5 26. Bf3 Ba6 27. Qd6 Nxc2 28. Qxc7 Rxc7 29. Rd6 Bc4 30. Nd2 Nd4 31. Nxc4 Rxc4 32. Rxb6 h5 33. Ra6 Rc5 34. h4 Nd7 35. Nd5 Nb8 36. Rb6 Nbc6 37. Kf2 Rc4 38. Kg3 Rxa4 39. Bd1 Rc4 40. Bf3 Rc1 41. Ra6 Rc2 42. Rb6 Nd8 43. b4 axb4 44. Nxb4 Rd2 45. Ra6 N8e6 46. Ra5 f6 47. Ra7+ Kh6 48. Nd5 Nxf3 49. gxf3 g5 50. Ra6 Nf4 51. Rxf6+ Kg7 52. hxg5 Rg2+ 53. Kh4 Rh2+ 54. Kg3 Rg2+ 55. Kh4 Rh2+ 56. Kg3 1/2-1/2